000 00548nam a2200217 a 4500
999 _c8918
_d8918
001 8918
003 BD-JhCC
005 20180305180744.0
008 180305s1955 b a|||| || | 000 0 eng d
035 _a(BD-JhCC)8918
040 _aBD-JhCC
_dBD-JhCC
041 _aeng
082 _a530.72
_bKHO 1955
100 _aKhorshed, Muhammad
245 _aIntermediate Practical Physics /
_cMuhammad Khorshed,
260 _aDacca :
_bMullick Brothers,
300 _a384 p. :
_bill. ;
_c21 cm.
650 _aPhysics
942 _2ddc
_cBK